| 000 | 00537nam a2200157Ia 4500 | ||
|---|---|---|---|
| 003 | GCL | ||
| 008 | 140319s9999 xx 000 0 ara d | ||
| 040 |
_aGCL / _cGCL |
||
| 082 | 0 | 4 |
_a705 _bا ت |
| 100 | 1 | _aانور كامل | |
| 245 | 1 | 0 |
_aالتطور: مجلة جماعة الفن والحرية: الاعداد الكاملة (يناير 1940 - سبتمبر 1940) / _cانور كامل |
| 700 | 1 | _aهشام قشطة | |
| 490 |
_aالهيئة العامة للاستعلامات _v0 |
||
| 650 | 0 | 4 | _aالدوريات |
| 942 |
_2ddc _cBK |
||
| 999 |
_c50424 _d50424 |
||